Platy slovenských učiteľov a gramotnosť slovenských žiakov sú podpriemerné

Komparatívna analýza primárneho vzdelania na Slovensku s vybranými krajinami EÚ.

Salvato in:
Dettagli Bibliografici
Autore principale: Veselková, Alexandra
Altri autori: Holková, Vieroslava
Natura: Capitolo di libro
Lingua:slovacco
Soggetti:
Tags: Aggiungi Tag
Nessun Tag, puoi essere il primo ad aggiungerne!!

MARC

LEADER 00000naa a2200000 4500
001 0250981
005 20240712115135.6
041 0 |a slo 
044 |a SK 
245 1 0 |a Platy slovenských učiteľov a gramotnosť slovenských žiakov sú podpriemerné  |c Alexandra Veselková, Vieroslava Holková 
520 |a Komparatívna analýza primárneho vzdelania na Slovensku s vybranými krajinami EÚ. 
610 2 0 |a Slovensko 
610 2 0 |a gramotnosť 
610 2 0 |a analýza komparatívna 
610 2 0 |a Európska únia 
610 2 0 |a vzdelávanie 
610 2 0 |a platy 
610 2 0 |a učitelia 
100 1 |a Veselková, Alexandra 
700 1 |a Holková, Vieroslava